000 00440nam a22001817a 4500
003 koha_MIRAKIL
005 20231213065354.0
008 231213b |||||||| |||| 00| 0 ||| d
020 _b978-9-75102517-3
040 _aTR-IsEVY
_btur
_cTR-IsEVY
082 _a891.733 DOS/İ
100 _aDOSTOYEVSKİ, F.M.
245 0 _aİNSANCIKLAR.
260 _bİNKILAP,
_c2006
300 _a224.
650 _aTürk Edebiyatı.
942 _2ddc
_cBK
999 _c2534
_d2534